| 000 | 00590nam a2200241Ia 4500 | ||
|---|---|---|---|
| 001 | 1053 | ||
| 003 | GE_BSU | ||
| 008 | 181216s||||||||xx |||||||||||||| ||und|| | ||
| 020 | _a978911804466 | ||
| 040 | _cGE_BSU | ||
| 080 | _a37.013.73(075.8) | ||
| 100 | _aСидоров,Н.Р. | ||
| 245 | _aФилософия образования | ||
| 245 | _bВведение | ||
| 260 | _aСПБ | ||
| 260 | _bПитер | ||
| 260 | _c2007 | ||
| 300 | _a304стр. | ||
| 541 | _h10л. | ||
| 653 | _aфилософия | ||
| 653 | _aФилософия образования | ||
| 942 | _cBK | ||
| 999 |
_c35207 _d35207 |
||